[Event "VII Obert Internacional Alberic"]
[Site "Alberic, Spain"]
[Date "2019.06.29"]
[Round "4.7"]
[White "Gimeno Valle, Carlos"]
[Black "Marin Corresa, Arturo"]
[Result "0-1"]
[WhiteElo "1809"]
[BlackElo "2050"]
[PlyCount "52"]
[EventDate "2019.??.??"]

1. e4 {[%clk 00:07:04]} 1... c5 {[%clk 00:07:06]  [%emt 00:00:33]} 2. Nc3 {
[%clk 00:07:05]} 2... Nc6 {[%clk 00:07:07]} 3. d3 {[%clk 00:07:07]} 3... g6 {
[%clk 00:07:08]  [%emt 00:00:03]} 4. g3 {[%clk 00:07:09]} 4... Bg7 {
[%clk 00:07:09]} 5. Bg2 {[%clk 00:07:11]} 5... d6 {[%clk 00:07:10]} 6. f4 {
[%clk 00:07:10]} 6... f5 {[%clk 00:07:07]} 7. Nf3 {
[%clk 00:07:04]  [%emt 00:00:11]} 7... Nh6 {[%clk 00:07:07]} 8. O-O {
[%clk 00:06:48]  [%emt 00:00:15]} 8... O-O {[%clk 00:07:05]  [%emt 00:00:07]}
9. Ne2 {[%clk 00:06:45]  [%emt 00:00:03]} 9... Nf7 {
[%clk 00:06:52]  [%emt 00:00:44]} 10. c3 {[%clk 00:06:29]} 10... e5 {
[%clk 00:06:46]} 11. Be3 {[%clk 00:05:21]  [%emt 00:01:07]} 11... Be6 {
[%clk 00:06:45]  [%emt 00:00:10]} 12. h3 {[%clk 00:05:01]  [%emt 00:00:33]}
12... Qd7 {[%clk 00:06:44]  [%emt 00:00:06]} 13. Kh2 {[%clk 00:05:02]} 13...
Rae8 {[%clk 00:06:44]} 14. Qc2 {[%clk 00:03:44]  [%emt 00:01:12]} 14... b6 {
[%clk 00:06:25]  [%emt 00:00:22]} 15. b3 {[%clk 00:03:41]  [%emt 00:00:06]}
15... d5 {[%clk 00:05:16]  [%emt 00:01:08]} 16. exf5 {
[%clk 00:02:04]  [%emt 00:01:45]} 16... Bxf5 {[%clk 00:04:31]  [%emt 00:00:43]}
17. g4 {[%clk 00:01:17]  [%emt 00:00:50]} 17... Bxd3 {
[%clk 00:03:45]  [%emt 00:01:04]} 18. Qxd3 {[%clk 00:01:08]  [%emt 00:00:17]}
18... e4 {[%clk 00:03:46]} 19. Qd2 {[%clk 00:00:57]  [%emt 00:00:04]} 19...
exf3 {[%clk 00:03:45]  [%emt 00:00:04]} 20. Bxf3 {[%clk 00:00:56]} 20... d4 {
[%clk 00:03:02]  [%emt 00:00:42]} 21. cxd4 {[%clk 00:00:51]  [%emt 00:00:41]}
21... Nxd4 {[%clk 00:02:58]} 22. Nxd4 {[%clk 00:00:52]} 22... cxd4 {
[%clk 00:03:00]} 23. Bf2 {[%clk 00:00:27]  [%emt 00:00:13]} 23... Qd6 {
[%clk 00:02:32]  [%emt 00:00:25]} 24. Bg3 {[%clk 00:00:14]  [%emt 00:00:26]}
24... Re3 {[%clk 00:02:25]} 25. Rad1 {[%clk 00:00:06]  [%emt 00:00:17]} 25...
Rd8 {[%clk 00:02:05]  [%emt 00:00:17]} 26. Kg2 {[%emt 00:01:05]} 26... g5 {
[%emt 00:00:10]  Bandera} 0-1

[Event "VII Obert Internacional Alberic"]
[Site "Alberic, Spain"]
[Date "2019.06.29"]
[Round "4.8"]
[White "Pedros Viudes, Santiago"]
[Black "Rovira Agusti, Guillem"]
[Result "1-0"]
[WhiteElo "2047"]
[BlackElo "1867"]
[PlyCount "66"]
[EventDate "2019.??.??"]

1. d4 {[%clk 00:07:05]  [%emt 00:01:02]} 1... d5 {[%clk 00:07:05]} 2. Nf3 {
[%clk 00:07:06]} 2... Nf6 {[%clk 00:07:06]} 3. Bf4 {[%clk 00:07:06]} 3... e6 {
[%clk 00:07:05]} 4. e3 {[%clk 00:07:07]} 4... Bd6 {[%clk 00:07:07]} 5. Bg3 {
[%clk 00:07:08]} 5... O-O {[%clk 00:07:03]} 6. Bd3 {[%clk 00:07:09]} 6... c5 {
[%clk 00:07:03]} 7. c3 {[%clk 00:07:09]} 7... Qc7 {[%clk 00:07:03]} 8. Nbd2 {
[%clk 00:07:07]} 8... Nbd7 {[%clk 00:07:04]} 9. O-O {[%clk 00:06:48]} 9... Bxg3
{[%clk 00:07:03]  [%emt 00:00:13]} 10. hxg3 {[%clk 00:06:49]} 10... e5 {
[%clk 00:07:04]  [%emt 00:00:03]} 11. dxe5 {[%clk 00:06:35]} 11... Nxe5 {
[%clk 00:07:05]  [%emt 00:00:35]} 12. Nxe5 {[%clk 00:06:28]} 12... Qxe5 {
[%clk 00:07:06]} 13. Nf3 {[%clk 00:05:40]} 13... Qh5 {
[%clk 00:07:08]  [%emt 00:01:02]} 14. Nh2 {[%clk 00:05:36]} 14... Qxd1 {
[%clk 00:06:15]  [%emt 00:00:58]} 15. Rfxd1 {[%clk 00:05:23]} 15... Be6 {
[%clk 00:06:04]  [%emt 00:00:32]} 16. Nf3 {[%emt 00:01:03]} 16... Bg4 {
[%clk 00:05:58]} 17. Be2 {[%clk 00:04:20]  [%emt 00:00:06]} 17... Rfd8 {
[%clk 00:05:41]  [%emt 00:00:18]} 18. Kf1 {[%clk 00:04:16]  [%emt 00:00:07]}
18... Rd7 {[%clk 00:05:10]  [%emt 00:00:30]} 19. Ne5 {
[%clk 00:04:07]  [%emt 00:00:34]} 19... Bxe2+ {[%clk 00:05:11]} 20. Kxe2 {
[%clk 00:04:09]} 20... Re7 {[%clk 00:05:11]} 21. Nf3 {[%clk 00:03:44]} 21... h6
{[%clk 00:04:23]  [%emt 00:01:06]} 22. Rd3 {[%clk 00:03:42]} 22... Rae8 {
[%clk 00:04:13]  [%emt 00:00:15]} 23. Rad1 {[%clk 00:03:34]} 23... b6 {
[%clk 00:03:56]  [%emt 00:00:33]} 24. Nh4 {[%clk 00:03:00]} 24... g6 {
[%clk 00:03:45]  [%emt 00:00:49]} 25. Nf3 {[%clk 00:03:02]} 25... Kg7 {
[%clk 00:03:46]  [%emt 00:00:06]} 26. Ne1 {[%clk 00:03:04]} 26... Rd7 {
[%clk 00:03:32]  [%emt 00:00:15]} 27. Kf1 {[%clk 00:02:38]} 27... Red8 {
[%clk 00:03:28]  [%emt 00:00:36]} 28. Nf3 {[%clk 00:02:30]} 28... Re8 {
[%clk 00:03:26]  [%emt 00:00:20]} 29. Ne1 {[%clk 00:02:12]} 29... Red8 {
[%clk 00:03:22]  [%emt 00:00:49]} 30. Nc2 {[%clk 00:02:13]} 30... Kf8 {
[%clk 00:02:47]  [%emt 00:00:16]} 31. Ke2 {[%clk 00:01:54]} 31... Ke7 {
[%clk 00:02:41]  [%emt 00:00:44]} 32. f3 {[%clk 00:01:42]} 32... Nh5 {
[%clk 00:02:32]  [%emt 00:00:26]} 33. Kf2 {[%clk 00:01:43]} 33... Nf6 {
[%clk 00:02:33]} 1-0

[Event "VII Obert Internacional Alberic"]
[Site "Alberic, Spain"]
[Date "2019.06.29"]
[Round "5.1"]
[White "Granero Roca, Antonio"]
[Black "Plaskett, H James"]
[Result "1/2-1/2"]
[WhiteElo "2370"]
[BlackElo "2417"]
[PlyCount "136"]
[EventDate "2019.??.??"]

1. d4 {[%clk 00:07:05]  [%emt 00:00:37]} 1... Nf6 {[%clk 00:07:05]} 2. c4 {
[%clk 00:07:05]} 2... e6 {[%clk 00:07:05]} 3. Nf3 {[%clk 00:07:07]} 3... a6 {
[%clk 00:06:59]} 4. Nc3 {[%clk 00:07:01]} 4... c5 {[%clk 00:07:00]} 5. d5 {
[%clk 00:06:34]  [%emt 00:00:22]} 5... exd5 {[%clk 00:06:55]  [%emt 00:00:40]}
6. cxd5 {[%clk 00:06:17]} 6... b5 {[%clk 00:06:47]  [%emt 00:00:07]} 7. Bg5 {
[%clk 00:05:44]  [%emt 00:00:28]} 7... d6 {[%clk 00:06:27]  [%emt 00:00:23]} 8.
e4 {[%clk 00:05:29]  [%emt 00:00:37]} 8... Be7 {[%clk 00:06:18]} 9. Be2 {
[%clk 00:04:52]  [%emt 00:00:36]} 9... b4 {[%clk 00:06:02]  [%emt 00:00:16]}
10. Na4 {[%clk 00:04:53]  [%emt 00:00:36]} 10... Nxe4 {[%clk 00:05:48]} 11.
Bxe7 {[%clk 00:04:53]} 11... Kxe7 {[%clk 00:05:50]} 12. O-O {
[%clk 00:04:44]  [%emt 00:00:08]} 12... Re8 {[%clk 00:05:44]  [%emt 00:00:04]}
13. a3 {[%clk 00:03:41]  [%emt 00:01:03]} 13... bxa3 {
[%clk 00:05:31]  [%emt 00:00:17]} 14. Rxa3 {[%clk 00:03:37]  [%emt 00:00:07]}
14... Kf8 {[%clk 00:05:33]} 15. Re1 {[%clk 00:03:25]  [%emt 00:00:17]} 15...
Nd7 {[%clk 00:05:24]  [%emt 00:00:08]} 16. Bd3 {
[%clk 00:03:01]  [%emt 00:00:27]} 16... Ndf6 {[%clk 00:05:21]  [%emt 00:00:24]}
17. Bxe4 {[%clk 00:02:47]  [%emt 00:00:17]} 17... Rxe4 {[%clk 00:05:13]} 18.
Nc3 {[%clk 00:02:22]  [%emt 00:00:23]} 18... Re7 {
[%clk 00:05:01]  [%emt 00:00:20]} 19. Nd2 {[%clk 00:02:12]  [%emt 00:00:06]}
19... Rxe1+ {[%clk 00:04:38]  [%emt 00:00:26]} 20. Qxe1 {
[%clk 00:02:14]  [%emt 00:00:16]} 20... Bb7 {[%clk 00:04:40]} 21. Qe2 {
[%clk 00:01:54]  [%emt 00:00:12]} 21... Qe8 {[%clk 00:04:10]  [%emt 00:00:31]}
22. Qd3 {[%clk 00:01:44]  [%emt 00:00:29]} 22... Qe1+ {
[%clk 00:03:44]  [%emt 00:00:17]} 23. Nf1 {[%clk 00:01:46]} 23... Qe5 {
[%clk 00:03:46]} 24. Ne3 {[%clk 00:01:46]  [%emt 00:00:05]} 24... Re8 {
[%clk 00:03:25]  [%emt 00:00:21]} 25. h3 {[%clk 00:01:44]  [%emt 00:00:14]}
25... Qd4 {[%clk 00:03:17]  [%emt 00:00:06]} 26. Qf5 {
[%clk 00:01:21]  [%emt 00:00:21]} 26... Re5 {[%clk 00:02:56]  [%emt 00:00:23]}
27. Qc2 {[%clk 00:01:22]  [%emt 00:00:13]} 27... g6 {
[%clk 00:02:20]  [%emt 00:01:00]} 28. Ra4 {[%clk 00:01:22]} 28... c4 {
[%clk 00:02:16]} 29. Rxc4 {[%clk 00:01:15]  [%emt 00:00:06]} 29... Qb6 {
[%clk 00:02:18]} 30. Rf4 {[%clk 00:01:02]} 30... Qd8 {
[%clk 00:02:03]  [%emt 00:00:51]} 31. Qb3 {[%clk 00:00:58]} 31... Bc8 {
[%clk 00:01:51]  [%emt 00:00:06]} 32. Qb8 {[%clk 00:00:53]} 32... Ne8 {
[%clk 00:01:19]  [%emt 00:00:26]} 33. Rc4 {[%clk 00:00:49]  [%emt 00:00:33]}
33... Kg7 {[%clk 00:00:51]  [%emt 00:00:22]} 34. Rxc8 {
[%clk 00:00:43]  [%emt 00:00:04]} 34... Qe7 {[%clk 00:00:53]} 35. Qb6 {
[%clk 00:00:35]  [%emt 00:00:03]} 35... Nf6 {[%clk 00:00:52]  [%emt 00:00:06]}
36. Rc7 {[%clk 00:00:35]} 36... Qe8 {[%clk 00:00:52]  [%emt 00:00:09]} 37. Qxd6
{[%clk 00:00:31]  [%emt 00:00:03]} 37... Rxe3 {[%clk 00:00:51]  [%emt 00:00:08]
} 38. fxe3 {[%clk 00:00:33]} 38... Qxe3+ {[%clk 00:00:52]  [%emt 00:00:11]} 39.
Kh2 {[%clk 00:00:35]} 39... Ne8 {[%clk 00:00:37]  [%emt 00:00:06]} 40. Nd1 {
[%clk 00:00:19]  [%emt 00:00:17]} 40... Qd4 {[%clk 00:00:24]  [%emt 00:00:16]}
41. Rxf7+ {[%emt 00:00:38]} 41... Kxf7 {[%clk 00:00:25]} 42. Qd7+ {
[%clk 00:00:06]  [%emt 00:00:05]} 42... Kf8 {[%clk 00:00:26]} 43. Nc3 {
[%clk 00:00:07]} 43... Qe5+ {[%clk 00:00:25]} 44. Kg1 {[%clk 00:00:10]} 44...
Qe1+ {[%clk 00:00:27]} 45. Kh2 {[%clk 00:00:12]} 45... Qe5+ {
[%clk 00:00:24]  [%emt 00:00:05]} 46. Kg1 {[%clk 00:00:10]} 46... Qe3+ {
[%clk 00:00:20]  [%emt 00:00:03]} 47. Kf1 {[%clk 00:00:12]} 47... Qc1+ {
[%clk 00:00:20]  [%emt 00:00:03]} 48. Kf2 {[%clk 00:00:13]  [%emt 00:00:03]}
48... Qxb2+ {[%clk 00:00:22]} 49. Ne2 {[%clk 00:00:16]} 49... Qf6+ {
[%clk 00:00:21]  [%emt 00:00:04]} 50. Ke1 {[%clk 00:00:18]  [%emt 00:00:15]}
50... Qe7 {[%clk 00:00:21]} 51. Qc6 {[%clk 00:00:19]} 51... Qd6 {
[%clk 00:00:22]} 52. Qc4 {[%clk 00:00:19]} 52... Nf6 {[%clk 00:00:24]} 53. Nc3
{[%clk 00:00:21]} 53... Kg7 {[%clk 00:00:24]  [%emt 00:00:11]} 54. Qd4 {
[%clk 00:00:23]} 54... Kf7 {[%clk 00:00:25]  [%emt 00:00:03]} 55. Kd2 {
[%clk 00:00:23]} 55... g5 {[%clk 00:00:26]} 56. Kd3 Qg3+ {
[%clk 00:00:27]  [%emt 00:00:08]} 57. Qe3 {[%clk 00:00:15]  [%emt 00:00:04]}
57... Qxe3+ {[%clk 00:00:22]  [%emt 00:00:05]} 58. Kxe3 {[%clk 00:00:17]} 58...
Ke7 {[%clk 00:00:23]  [%emt 00:00:26]} 59. Kd4 {[%clk 00:00:16]} 59... Kd6 {
[%clk 00:00:22]  [%emt 00:00:07]} 60. g4 {[%clk 00:00:13]} 60... h6 {
[%clk 00:00:24]} 61. Kc4 {[%clk 00:00:15]} 61... a5 {
[%clk 00:00:15]  [%emt 00:00:06]} 62. Kd4 {[%clk 00:00:13]} 62... a4 {
[%clk 00:00:14]  [%emt 00:00:03]} 63. Nxa4 {[%clk 00:00:13]  [%emt 00:00:04]}
63... Nxd5 {[%clk 00:00:15]  [%emt 00:00:04]} 64. Ke4 {
[%clk 00:00:09]  [%emt 00:00:04]} 64... Nf4 {[%clk 00:00:07]  [%emt 00:00:10]}
65. h4 {[%clk 00:00:11]  [%emt 00:00:04]} 65... Ng6 {
[%clk 00:00:08]  [%emt 00:00:13]} 66. hxg5 {[%clk 00:00:12]} 66... hxg5 {
[%clk 00:00:10]} 67. Kf5 {[%clk 00:00:14]} 67... Ne5 {[%clk 00:00:13]} 68. Kxg5
{[%clk 00:00:16]  [%emt 00:00:03]} 68... Nxg4 {[%emt 00:00:05]} 1/2-1/2

[Event "VII Obert Internacional Alberic"]
[Site "Alberic, Spain"]
[Date "2019.06.29"]
[Round "5.2"]
[White "Cruz Lledo, Pablo"]
[Black "Diaz Velandia, Jose Manuel"]
[Result "1-0"]
[WhiteElo "2442"]
[BlackElo "2372"]
[PlyCount "87"]
[EventDate "2019.??.??"]

1. d4 {[%clk 00:07:04]  [%emt 00:00:06]} 1... d5 {[%clk 00:07:05]} 2. Nf3 {
[%clk 00:07:06]  [%emt 00:00:05]} 2... Nf6 {[%clk 00:07:07]} 3. e3 {
[%clk 00:07:08]} 3... e6 {[%clk 00:07:10]} 4. Be2 {[%clk 00:07:10]} 4... c5 {
[%clk 00:07:12]} 5. O-O {[%clk 00:07:11]  [%emt 00:00:10]} 5... Nc6 {
[%clk 00:07:13]} 6. b3 {[%clk 00:07:13]} 6... Be7 {[%clk 00:07:15]} 7. Bb2 {
[%clk 00:07:15]} 7... O-O {[%clk 00:07:16]  [%emt 00:00:04]} 8. Nbd2 {
[%clk 00:07:11]  [%emt 00:00:05]} 8... b6 {[%clk 00:07:16]} 9. c4 {
[%clk 00:07:12]} 9... Bb7 {[%clk 00:07:18]  [%emt 00:00:05]} 10. dxc5 {
[%clk 00:07:09]  [%emt 00:00:05]} 10... bxc5 {[%clk 00:07:20]} 11. cxd5 {
[%clk 00:06:55]  [%emt 00:00:15]} 11... exd5 {[%clk 00:07:22]} 12. Rc1 {
[%clk 00:06:56]  [%emt 00:00:09]} 12... Qa5 {[%clk 00:07:09]  [%emt 00:00:11]}
13. a3 {[%clk 00:06:57]  [%emt 00:00:05]} 13... Rfd8 {
[%clk 00:06:59]  [%emt 00:00:13]} 14. Qc2 {[%clk 00:06:57]} 14... Rac8 {
[%clk 00:06:38]  [%emt 00:00:23]} 15. Qf5 {[%clk 00:06:32]  [%emt 00:00:27]}
15... Rc7 {[%clk 00:05:05]  [%emt 00:01:39]} 16. Rfd1 {
[%clk 00:03:43]  [%emt 00:02:50]} 16... Bc8 {[%clk 00:05:05]  [%emt 00:00:06]}
17. Qc2 {[%clk 00:03:18]  [%emt 00:00:29]} 17... Nb8 {
[%clk 00:04:17]  [%emt 00:00:51]} 18. e4 {[%clk 00:03:15]  [%emt 00:00:04]}
18... dxe4 {[%clk 00:02:34]  [%emt 00:01:44]} 19. Nxe4 {
[%clk 00:03:15]  [%emt 00:00:05]} 19... Rxd1+ {[%clk 00:01:48]  [%emt 00:00:56]
} 20. Rxd1 {[%clk 00:03:14]} 20... Rd7 {[%clk 00:01:48]} 21. Nxf6+ {
[%clk 00:03:05]  [%emt 00:00:09]} 21... Bxf6 {[%clk 00:01:50]  [%emt 00:00:09]}
22. Bxf6 {[%clk 00:02:47]  [%emt 00:00:16]} 22... gxf6 {
[%clk 00:01:48]  [%emt 00:00:05]} 23. Bd3 {[%clk 00:02:35]  [%emt 00:00:13]}
23... Qxa3 {[%clk 00:01:37]  [%emt 00:00:22]} 24. Bxh7+ {[%clk 00:02:33]} 24...
Kg7 {[%clk 00:01:38]} 25. Re1 {[%clk 00:02:17]  [%emt 00:00:17]} 25... Nc6 {
[%clk 00:01:18]  [%emt 00:00:23]} 26. Bf5 {[%clk 00:01:52]  [%emt 00:00:28]}
26... Rd8 {[%clk 00:01:18]  [%emt 00:00:07]} 27. Bxc8 {
[%clk 00:01:49]  [%emt 00:00:04]} 27... Rxc8 {[%clk 00:01:20]  [%emt 00:00:05]}
28. Qf5 {[%clk 00:01:51]} 28... Rg8 {[%clk 00:00:46]  [%emt 00:00:32]} 29. Qg4+
{[%clk 00:01:43]  [%emt 00:00:15]} 29... Kh8 {[%clk 00:00:33]  [%emt 00:00:15]}
30. Qf4 {[%clk 00:01:31]  [%emt 00:00:12]} 30... Kg7 {
[%clk 00:00:21]  [%emt 00:00:20]} 31. Qg4+ {[%clk 00:01:13]  [%emt 00:00:15]}
31... Kh8 {[%clk 00:00:23]} 32. Qd7 {[%clk 00:00:54]  [%emt 00:00:23]} 32...
Nd8 {[%clk 00:00:19]  [%emt 00:00:08]} 33. Qh3+ {
[%clk 00:00:37]  [%emt 00:00:22]} 33... Kg7 {[%clk 00:00:21]} 34. Nh4 {
[%clk 00:00:39]} 34... Ne6 {[%clk 00:00:10]  [%emt 00:00:21]} 35. Nf5+ {
[%clk 00:00:36]  [%emt 00:00:04]} 35... Kf8 {[%clk 00:00:11]} 36. Qh6+ {
[%clk 00:00:15]  [%emt 00:00:21]} 36... Ng7 {[%clk 00:00:04]  [%emt 00:00:23]}
37. Nxg7 {[%clk 00:00:08]} 37... Rxg7 {[%clk 00:00:06]} 38. Qxf6 {
[%clk 00:00:10]  [%emt 00:00:04]} 38... Rg8 {[%clk 00:00:06]  [%emt 00:00:04]}
39. Qh6+ {[%clk 00:00:09]  [%emt 00:00:12]} 39... Rg7 {[%clk 00:00:08]} 40.
Qh8+ {[%clk 00:00:11]} 40... Rg8 {[%clk 00:00:10]} 41. Qh6+ {[%clk 00:00:13]}
41... Rg7 {[%clk 00:00:13]} 42. Qd6+ {[%clk 00:00:14]  [%emt 00:00:13]} 42...
Kg8 {[%clk 00:00:15]} 43. Qd5 {[%clk 00:00:12]} 43... Qb4 {[%clk 00:00:16]} 44.
Re8+ {[%clk 00:00:13]} 1-0

[Event "VII Obert Internacional Alberic"]
[Site "Alberic, Spain"]
[Date "2019.06.29"]
[Round "5.3"]
[White "Fenollar Jorda, Manuel"]
[Black "Garcia, Jhoel"]
[Result "1-0"]
[WhiteElo "2345"]
[BlackElo "2290"]
[PlyCount "97"]
[EventDate "2019.??.??"]

1. d4 {[%clk 00:07:05]} 1... Nf6 {[%clk 00:07:00]  [%emt 00:00:07]} 2. Nf3 {
[%clk 00:07:05]} 2... e6 {[%clk 00:06:58]  [%emt 00:00:03]} 3. e3 {
[%clk 00:07:04]  [%emt 00:00:04]} 3... d5 {[%clk 00:06:57]  [%emt 00:00:03]} 4.
Bd3 {[%clk 00:07:06]  [%emt 00:00:07]} 4... Nbd7 {
[%clk 00:06:36]  [%emt 00:00:18]} 5. Nbd2 {[%clk 00:07:06]  [%emt 00:00:04]}
5... Bd6 {[%clk 00:06:35]  [%emt 00:00:04]} 6. O-O {
[%clk 00:07:06]  [%emt 00:00:03]} 6... e5 {[%clk 00:06:30]  [%emt 00:00:08]} 7.
e4 {[%clk 00:06:40]  [%emt 00:00:25]} 7... O-O {
[%clk 00:05:00]  [%emt 00:01:42]} 8. exd5 {[%clk 00:06:07]  [%emt 00:00:36]}
8... exd4 {[%clk 00:04:27]  [%emt 00:00:45]} 9. Ne4 {
[%clk 00:04:48]  [%emt 00:01:05]} 9... Be7 {[%clk 00:03:00]  [%emt 00:01:35]}
10. Nxd4 {[%clk 00:04:18]  [%emt 00:00:26]} 10... Nxd5 {
[%clk 00:02:52]  [%emt 00:00:37]} 11. Nf5 {[%clk 00:04:11]  [%emt 00:00:16]}
11... Ne5 {[%clk 00:02:19]  [%emt 00:00:05]} 12. Nxe7+ {
[%clk 00:03:37]  [%emt 00:00:36]} 12... Qxe7 {[%clk 00:02:20]  [%emt 00:00:32]}
13. Bg5 {[%clk 00:02:50]  [%emt 00:00:21]} 13... Qb4 {
[%clk 00:01:36]  [%emt 00:00:48]} 14. Rb1 {[%clk 00:01:45]  [%emt 00:01:08]}
14... Nxd3 {[%clk 00:01:23]  [%emt 00:00:27]} 15. Qxd3 {
[%clk 00:01:24]  [%emt 00:00:17]} 15... Bf5 {[%clk 00:01:24]} 16. f3 {
[%clk 00:00:56]  [%emt 00:00:26]} 16... Qb6+ {[%clk 00:01:12]  [%emt 00:00:18]}
17. Kh1 {[%clk 00:00:57]  [%emt 00:00:04]} 17... c6 {
[%clk 00:01:00]  [%emt 00:00:12]} 18. c4 {[%clk 00:00:36]  [%emt 00:00:36]}
18... Nb4 {[%clk 00:01:01]} 19. Qb3 {[%clk 00:00:36]} 19... Na6 {
[%clk 00:00:57]  [%emt 00:00:04]} 20. Qxb6 {[%clk 00:00:30]  [%emt 00:00:05]}
20... axb6 {[%clk 00:00:59]  [%emt 00:00:08]} 21. Be3 {
[%clk 00:00:10]  [%emt 00:00:15]} 21... Rfe8 {[%clk 00:00:30]  [%emt 00:00:34]}
22. Bxb6 {[%clk 00:00:07]  [%emt 00:00:09]} 22... Bxe4 {
[%clk 00:00:29]  [%emt 00:00:04]} 23. fxe4 {[%clk 00:00:09]} 23... Rxe4 {
[%clk 00:00:32]} 24. b3 {[%clk 00:00:05]  [%emt 00:00:07]} 24... Nb4 {
[%clk 00:00:28]  [%emt 00:00:12]} 25. a4 {[%clk 00:00:06]} 25... Re2 {
[%clk 00:00:25]  [%emt 00:00:08]} 26. Rf2 {[%clk 00:00:07]} 26... Rae8 {
[%clk 00:00:26]  [%emt 00:00:04]} 27. Rxe2 {[%clk 00:00:09]} 27... Rxe2 {
[%clk 00:00:28]} 28. h3 {[%clk 00:00:11]} 28... h5 {
[%clk 00:00:23]  [%emt 00:00:12]} 29. Rd1 {[%clk 00:00:10]} 29... Rb2 {
[%clk 00:00:17]  [%emt 00:00:06]} 30. Rd7 {[%clk 00:00:12]  [%emt 00:00:03]}
30... Rxb3 {[%clk 00:00:17]} 31. Rxb7 {[%clk 00:00:13]  [%emt 00:00:12]} 31...
Nd3 {[%clk 00:00:17]} 32. a5 {[%clk 00:00:12]} 32... f5 {
[%clk 00:00:11]  [%emt 00:00:08]} 33. a6 {[%clk 00:00:14]  [%emt 00:00:04]}
33... Ra3 {[%clk 00:00:07]  [%emt 00:00:04]} 34. a7 {
[%clk 00:00:15]  [%emt 00:00:04]} 34... Kh7 {[%clk 00:00:09]} 35. Bd4 {
[%clk 00:00:17]} 35... c5 {[%clk 00:00:06]  [%emt 00:00:05]} 36. Bxg7 {
[%clk 00:00:14]  [%emt 00:00:08]} 36... Kg6 {[%clk 00:00:08]  [%emt 00:00:03]}
37. Bf8 {[%clk 00:00:11]  [%emt 00:00:04]} 37... Ra1+ {
[%clk 00:00:06]  [%emt 00:00:05]} 38. Kh2 {[%clk 00:00:13]} 38... h4 {
[%clk 00:00:08]} 39. Be7 {[%clk 00:00:14]  [%emt 00:00:08]} 39... Kh5 {
[%clk 00:00:09]} 40. g4+ {[%clk 00:00:08]  [%emt 00:00:37]} 40... hxg3+ {
[%clk 00:00:11]} 41. Kxg3 {[%clk 00:00:10]} 41... f4+ {[%clk 00:00:13]} 42. Kf3
{[%clk 00:00:13]} 42... Ra3 {[%clk 00:00:15]} 43. Ke4 {[%clk 00:00:14]} 43...
f3 {[%clk 00:00:17]} 44. Kxf3 {[%clk 00:00:15]} 44... Ne5+ {[%clk 00:00:19]}
45. Ke4 {[%clk 00:00:17]} 45... Nc6 {[%clk 00:00:21]} 46. Bxc5 {[%clk 00:00:18]
} 46... Ra4 {[%clk 00:00:23]} 47. Kd5 {[%clk 00:00:20]} 47... Nd8 {
[%clk 00:00:23]  [%emt 00:00:52]} 48. Rb8 {[%clk 00:00:22]} 48... Nf7 {
[%clk 00:00:25]} 49. a8=Q {[%clk 00:00:22]} 1-0